Maintenance fees for 'condominiums' : a study of the sinking fund /
Saved in:
| Main Author: | |
|---|---|
| Format: | Thesis Book |
| Language: | English |
| Published: |
1991.
|
| Subjects: | |
| Tags: |
Add Tag
No Tags, Be the first to tag this record!
|
| LEADER | 00946cam a2200265 a 4500 | ||
|---|---|---|---|
| 001 | u152007 | ||
| 003 | SIRSI | ||
| 008 | 920413s1991 si v 00 1 eng m | ||
| 035 | |a AAR-9882 | ||
| 040 | |a UMM | ||
| 043 | |a a-si--- | ||
| 090 | |a HD7287.67 |b S55Cho | ||
| 100 | 1 | 0 | |a Choy, Kah Kin. |
| 245 | 1 | 0 | |a Maintenance fees for 'condominiums' : |b a study of the sinking fund / |c by Choy Kah Kin. |
| 260 | |c 1991. | ||
| 300 | |a vi, 68 leaves : |b ill. ; |c 30 cm. | ||
| 500 | |a Photocopy. | ||
| 502 | |a Dissertation (M.Sc.) -- National University of Singapore, 1991. | ||
| 504 | |a Bibliography: leaves 60-63. | ||
| 650 | 0 | |a Condominiums |x Law and legislation |z Singapore |x Maintenance and repair. | |
| 650 | 0 | |a Condominiums |x Law and legislation |z Singapore |x Management. | |
| 650 | 0 | |a Sinking-funds |z Singapore. | |
| 948 | |a 13/04/1992 |b 18/02/1999 | ||
| 596 | |a 1 | ||
| 999 | |a HD7287.67 S55CHO [F] |w LC |c 1 |i A011065751 |d 29/6/2000 |l STACKS |m P01UTAMA |n 2 |r Y |s Y |t TESIS |u 24/4/1992 | ||
